Video Game by Enemies - Statistics

General Stats
  • This quiz has been taken 14 times
  • The average score is 8 of 15
Answer Stats
Enemy Game/Franchise % Correct
Koopa Troopa Mario/Super Mario
92%
Creeper Minecraft
83%
Waddle Dee Kirby
67%
Master Hand Super Smash Bros
67%
Elite Four Pokémon
58%
Moblin The Legend of Zelda
58%
Big Daddy Bioshock
50%
Radroach Fallout
50%
Templars Assassin's Creed/Dragon Age
42%
Cactuar Final Fantasy
42%
The Covenant Halo
42%
Robot Master Mega Man
42%
Badnik Sonic the Hedgehog
42%
Cyberdemon Doom
33%
Hollow Dark Souls
25%
No matching quizzes found
Score Distribution
Percent of People with Each Score
Percentile by Number Answered
Your Score History
You have not taken this quiz